شرح شذور الذهب في معرفة كلام العرب / (رقم التسجيلة. 31017)
[ عرض عادي ]
| 000 -LEADER | |
|---|---|
| fixed length control field | 00705nam a22001937a 4500 |
| 005 - DATE AND TIME OF LATEST TRANSACTION | |
| control field | 20251108165756.0 |
| 008 - FIXED-LENGTH DATA ELEMENTS--GENERAL INFORMATION | |
| fixed length control field | 250721s1965 xx 000 0 ara d |
| 082 14 - DEWEY DECIMAL CLASSIFICATION NUMBER | |
| Classification number | م/415/هشا |
| 100 1# - MAIN ENTRY--PERSONAL NAME | |
| Personal name | إبن هشام، أبي محمد عبد الله جمال الدين بن يوسف |
| 245 10 - TITLE STATEMENT | |
| Title | شرح شذور الذهب في معرفة كلام العرب / |
| 250 ## - EDITION STATEMENT | |
| Edition statement | ط10 |
| 264 1# - PRODUCTION, PUBLICATION, DISTRIBUTION, MANUFACTURE, AND COPYRIGHT NOTICE | |
| Place of production, publication, distribution, manufacture | القاهرة : |
| Name of producer, publisher, distributor, manufacturer | المكتبة التجارية الكبرى، |
| Date of production, publication, distribution, manufacture, or copyright notice | 1965. |
| 300 ## - PHYSICAL DESCRIPTION | |
| Extent | 480ص |
| 500 ## - GENERAL NOTE | |
| General note | ومعه كتاب منتهى الأرب بتحقيق شرح شذور الذهب |
| 650 17 - SUBJECT ADDED ENTRY--TOPICAL TERM | |
| Topical term or geographic name as entry element | اللغة العربية |
| 650 17 - SUBJECT ADDED ENTRY--TOPICAL TERM | |
| Topical term or geographic name as entry element | النحو والصرف |
| 942 ## - ADDED ENTRY ELEMENTS (KOHA) | |
| Source of classification or shelving scheme | Dewey Decimal Classification |
| Koha item type | مراجع |
| حالة السحب | حالة الفقدان | مصدر التصنيف | حالة التلف | غير قابل للإعارة | المكتبة الرئيسية | المكتبة الحالية | موقع الرف | تاريخ التزويد | الرقم المتسلسل | Total Checkouts | رقم الإستدعاء | الباركود | تاريخ آخر ظهور | تاريخ الفاتورة | نوع المادة (كوها) |
|---|---|---|---|---|---|---|---|---|---|---|---|---|---|---|---|
| Dewey Decimal Classification | Not For Loan | المكتبة المركزية | المكتبة المركزية | مراجع | 06/07/2004 | 51663 | م/415/هشا | 51663 | 28/07/2025 | 06/07/2004 | مراجع |